<?xml version="1.0" encoding="UTF-8"?>
<record
    xmlns:xsi="http://www.w3.org/2001/XMLSchema-instance"
    xsi:schemaLocation="http://www.loc.gov/MARC21/slim http://www.loc.gov/standards/marcxml/schema/MARC21slim.xsd"
    xmlns="http://www.loc.gov/MARC21/slim">

  <leader>04915nam a2200481Ia 4500</leader>
  <controlfield tag="001">dia_5848</controlfield>
  <controlfield tag="003">CHAP</controlfield>
  <controlfield tag="005">20240827123036.0</controlfield>
  <controlfield tag="007">ta</controlfield>
  <controlfield tag="008">220601s2014    mx do  frm    001 0 spa d</controlfield>
  <datafield tag="040" ind1=" " ind2=" ">
    <subfield code="a">mxchpua</subfield>
    <subfield code="c">CHAP</subfield>
    <subfield code="e">rda</subfield>
  </datafield>
  <datafield tag="041" ind1="0" ind2=" ">
    <subfield code="a">spa</subfield>
    <subfield code="b">eng</subfield>
  </datafield>
  <datafield tag="090" ind1=" " ind2=" ">
    <subfield code="a">Tesis </subfield>
    <subfield code="b">G663 </subfield>
    <subfield code="c">2014</subfield>
  </datafield>
  <datafield tag="100" ind1="1" ind2=" ">
    <subfield code="a">G&#xF3;mez Maldonado, Deysi</subfield>
  </datafield>
  <datafield tag="240" ind1="1" ind2="0">
    <subfield code="a">Development of microcapsules using whey protein by means of emulsification and gelation processes:  encapsulation of poliunsaturated fatty acids.</subfield>
    <subfield code="l">Espa&#xF1;ol</subfield>
  </datafield>
  <datafield tag="245" ind1="1" ind2="0">
    <subfield code="a">Desarrollo de microc&#xE1;psulas a partir de prote&#xED;na de lactosuero mediante los procesos de emulsificaci&#xF3;n y gelaci&#xF3;n : </subfield>
    <subfield code="b">encapsulamiento de &#xE1;cidos grasos polinsaturados / </subfield>
    <subfield code="c">Deysi G&#xF3;mez Maldonado</subfield>
  </datafield>
  <datafield tag="264" ind1=" " ind2=" ">
    <subfield code="a">Chapingo, M&#xE9;xico :</subfield>
    <subfield code="b">El autor,</subfield>
    <subfield code="c">2014</subfield>
  </datafield>
  <datafield tag="300" ind1=" " ind2=" ">
    <subfield code="a">xi, 82 hojas :</subfield>
    <subfield code="b">gr&#xE1;ficas, diagramas, tablas, fotos +</subfield>
    <subfield code="e">1 CD-ROM</subfield>
  </datafield>
  <datafield tag="336" ind1=" " ind2=" ">
    <subfield code="2">rdacontent</subfield>
    <subfield code="a">texto</subfield>
    <subfield code="b">txt</subfield>
  </datafield>
  <datafield tag="337" ind1=" " ind2=" ">
    <subfield code="2">rdamedia</subfield>
    <subfield code="a">no mediado</subfield>
    <subfield code="b">n</subfield>
  </datafield>
  <datafield tag="338" ind1=" " ind2=" ">
    <subfield code="2">rdacarrier</subfield>
    <subfield code="a">volumen</subfield>
    <subfield code="b">nc</subfield>
  </datafield>
  <datafield tag="500" ind1=" " ind2=" ">
    <subfield code="a">El CD contiene reporte.</subfield>
  </datafield>
  <datafield tag="502" ind1=" " ind2=" ">
    <subfield code="a">Tesis </subfield>
    <subfield code="b">(Maestro en Ciencias en Ciencia y Tecnolog&#xED;a Agroalimentar&#xED;a) -- </subfield>
    <subfield code="c">UACh. Departamento de Ingenier&#xED;a Agroindustrial, </subfield>
    <subfield code="d">2014</subfield>
  </datafield>
  <datafield tag="504" ind1=" " ind2=" ">
    <subfield code="a">Incluye bibliograf&#xED;as</subfield>
  </datafield>
  <datafield tag="520" ind1="3" ind2=" ">
    <subfield code="a">El objetivo de este trabajo fue microencapsular aceites de semilla de uva, de ch&#xED;a y linaza, usando como material encapsulante las prote&#xED;nas de lactosuero, mediante emulsificaci&#xF3;n y gelaci&#xF3;n por calor; as&#xED; como la evaluaci&#xF3;n de su aplicaci&#xF3;n en queso Panela reducido en grasa l&#xE1;ctea. Se obtuvieron microc&#xE1;psulas que variaron en tama&#xF1;o de 485.7&#xF0B1; 21.1 a 627.1 &#xF0B1; 31.2 &#xF06D;m, con rendimientos mayores a 90 % donde las MU y ML, mostraron porcentajes de prote&#xED;na y de aceite encapsulado comparables entre s&#xED; (p &#xF03E; 0.05), y mayores (p &#xF0A3; 0.05) que aquellos presentados por MCH. Se elaboraron tres quesos Panela bajos en grasa  preparados a partir de leche (13.5, 6.75 y 0 g grasa L-1 ) adicionados con microc&#xE1;psulas conteniendo aceites esenciales (Q50GL,50CH, Q25GL,75CH, Q0GL,100CH, Q50GL,50U, Q25GL,75U, Q0GL,100U, Q50GL,50L, Q25GL,75L, Q0GL,100L,). Como control se elabor&#xF3; un queso completo en grasa (Q100GL). Los quesos de los diferentes tratamientos despu&#xE9;s de 48 h, fueron sujetos a an&#xE1;lisis de composici&#xF3;n qu&#xED;mica, determinaci&#xF3;n instrumental de textura, an&#xE1;lisis de microestructura y evaluaci&#xF3;n sensorial. &#xC9;stos difirieron (p &#x2264; 0.05) en sus contenidos de grasa, humedad y prote&#xED;na, dependiendo del grado de sustituci&#xF3;n de la grasa l&#xE1;ctea por microc&#xE1;psulas, as&#xED; como del tipo de aceite encapsulado, presentando aumentos en sus contenidos de prote&#xED;na y disminuci&#xF3;n en aquellos de grasa. Los quesos Q50GL,50CH, Q50GL,50U y Q50GL,50L  mostraron caracter&#xED;sticas texturales similares al queso Q100GL., siendo el Q50GL,50L el m&#xE1;s aceptado por los consumidores.</subfield>
  </datafield>
  <datafield tag="520" ind1="3" ind2=" ">
    <subfield code="a">The objective of this work was to microencapsulate grape seed, chia seed and linseed oils with heat emulsified and gelated whey proteins as encapsulating material and to evaluate their application in reduced fat Panela cheese. Microcapsules that varied in size from 485.7 &#xB1; 21.1 to 627.1 &#xB1; 31.2 were obtained with yields greater than 90%. MU and ML had comparable percentages of protein and encapsulated oil (p&#xF03E;0.05), which were higher (p &#xF0A3; 0.05) than those of MCH. Three low fat Panela cheeses were prepared from milk (13.5, 6.75, 0 g fat L-1) supplenented with microcapsules containing essential oils (Q50GL,50CH, Q25GL,75CH, Q0GL,100CH, Q50GL,50U, Q25GL,75U, Q0GL,100U, Q50GL,50L, Q25GL,75L, Q0GL,100L). A whole fat cheese (Q100GL) was developed as a control. After 48 h, the cheeses of different treatments were subjected to analysis of chemical composition, instrumental determination of texture, analysis of microstructure and sensory evaluation. These differed (p &#x2264; 0.05) in their fat, moisture and protein contents, depending on the degree of substitution of milk fat by microcapsules, as well as on the type of oil encapsulated, presenting increases in protein content and decreases in fat. The cheeses Q50GL,50CH, Q50GL,50Uand Q50GL,50Lshowed textural characteristics similar to cheese Q100GL and Q50GL,50L, the latter was the most accepted by consumers.  </subfield>
  </datafield>
  <datafield tag="650" ind1="1" ind2="3">
    <subfield code="a">Quesos</subfield>
    <subfield code="2">atg</subfield>
  </datafield>
  <datafield tag="650" ind1="1" ind2="3">
    <subfield code="a">Microencapsulaci&#xF3;n </subfield>
    <subfield code="2">atg</subfield>
  </datafield>
  <datafield tag="650" ind1="1" ind2="3">
    <subfield code="a">Gelatinizaci&#xF3;n </subfield>
    <subfield code="2">atg</subfield>
  </datafield>
  <datafield tag="650" ind1="1" ind2="3">
    <subfield code="a">Emulsificaci&#xF3;n </subfield>
    <subfield code="2">atg</subfield>
  </datafield>
  <datafield tag="650" ind1="1" ind2="3">
    <subfield code="a">Cheeses </subfield>
    <subfield code="2">atg</subfield>
  </datafield>
  <datafield tag="650" ind1="1" ind2="3">
    <subfield code="a">Microencapsulation </subfield>
    <subfield code="2">atg</subfield>
  </datafield>
  <datafield tag="650" ind1="1" ind2="3">
    <subfield code="a">Gelatinization </subfield>
    <subfield code="2">atg</subfield>
  </datafield>
  <datafield tag="650" ind1="1" ind2="3">
    <subfield code="a">Emulsifying</subfield>
    <subfield code="2">atg</subfield>
  </datafield>
  <datafield tag="700" ind1="1" ind2=" ">
    <subfield code="a">Lobato Calleros, Consuelo Silvia Olivia</subfield>
    <subfield code="e">directora</subfield>
  </datafield>
  <datafield tag="700" ind1="1" ind2=" ">
    <subfield code="a">Vernon Carter, Eduardo Jaime</subfield>
    <subfield code="e">asesor</subfield>
  </datafield>
  <datafield tag="700" ind1="1" ind2=" ">
    <subfield code="a">Aguirre Mandujano, Eleazar</subfield>
    <subfield code="e">asesor</subfield>
  </datafield>
  <datafield tag="856" ind1="4" ind2="1">
    <subfield code="u">http://10.13.5.2/tesis/sist111247.pdf</subfield>
    <subfield code="y">DESCARGAR PDF</subfield>
  </datafield>
  <datafield tag="901" ind1=" " ind2=" ">
    <subfield code="a">TESIS G663 2014</subfield>
  </datafield>
  <datafield tag="902" ind1=" " ind2=" ">
    <subfield code="a">M</subfield>
  </datafield>
  <datafield tag="905" ind1=" " ind2=" ">
    <subfield code="a">5132272014                          mx nmdl8223123322spa16</subfield>
  </datafield>
  <datafield tag="942" ind1=" " ind2=" ">
    <subfield code="c">TESIS</subfield>
    <subfield code="2">Clasificaci&#xF3;n Universidad Aut&#xF3;noma Chapingo</subfield>
  </datafield>
  <datafield tag="999" ind1=" " ind2=" ">
    <subfield code="c">209612</subfield>
    <subfield code="d">209612</subfield>
  </datafield>
  <datafield tag="952" ind1=" " ind2=" ">
    <subfield code="0">0</subfield>
    <subfield code="1">0</subfield>
    <subfield code="2">local</subfield>
    <subfield code="4">0</subfield>
    <subfield code="5">5</subfield>
    <subfield code="7">0</subfield>
    <subfield code="8">TESIS</subfield>
    <subfield code="a">IA_</subfield>
    <subfield code="b">IA_</subfield>
    <subfield code="d">2022-06-01</subfield>
    <subfield code="e">El autor</subfield>
    <subfield code="l">1</subfield>
    <subfield code="o">Tesis G663 2014</subfield>
    <subfield code="p">1101008998</subfield>
    <subfield code="r">2024-09-06 14:57:57</subfield>
    <subfield code="s">2024-09-06</subfield>
    <subfield code="t">Ej. 2</subfield>
    <subfield code="w">2022-06-01</subfield>
    <subfield code="y">CD</subfield>
  </datafield>
  <datafield tag="952" ind1=" " ind2=" ">
    <subfield code="0">0</subfield>
    <subfield code="1">0</subfield>
    <subfield code="2">local</subfield>
    <subfield code="4">0</subfield>
    <subfield code="5">1</subfield>
    <subfield code="7">0</subfield>
    <subfield code="8">TESIS</subfield>
    <subfield code="a">IA_</subfield>
    <subfield code="b">IA_</subfield>
    <subfield code="d">2022-06-01</subfield>
    <subfield code="e">El autor</subfield>
    <subfield code="l">0</subfield>
    <subfield code="o">Tesis G663 2014</subfield>
    <subfield code="p">1101008992</subfield>
    <subfield code="r">2022-06-01 00:00:00</subfield>
    <subfield code="t">Ej. 1</subfield>
    <subfield code="w">2022-06-01</subfield>
    <subfield code="y">CD</subfield>
  </datafield>
  <datafield tag="952" ind1=" " ind2=" ">
    <subfield code="0">0</subfield>
    <subfield code="1">0</subfield>
    <subfield code="2">local</subfield>
    <subfield code="4">0</subfield>
    <subfield code="7">0</subfield>
    <subfield code="8">TesDigM</subfield>
    <subfield code="a">IA_</subfield>
    <subfield code="b">IA_</subfield>
    <subfield code="c">E_L</subfield>
    <subfield code="d">2024-08-27</subfield>
    <subfield code="e">El autor</subfield>
    <subfield code="l">0</subfield>
    <subfield code="p">1201008992</subfield>
    <subfield code="r">2024-08-27 13:32:34</subfield>
    <subfield code="w">2024-08-27</subfield>
    <subfield code="y">TD</subfield>
  </datafield>
</record>
